| 000 | 00374nam a22001457a 4500 | ||
|---|---|---|---|
| 008 | 210305b ||||| |||| 00| 0 eng d | ||
| 020 | _a9780123748218 | ||
| 041 | _aeng | ||
| 080 | _a616.8 | ||
| 082 | _a616.8 | ||
| 100 | _a7 | ||
| 101 | _aNEU | ||
| 245 |
_aBrain Machine interfaces for space applications: Enhancing Astronaut Capabilities _cRossini, L |
||
| 942 |
_2udc _cBK |
||
| 999 |
_c55886 _d55886 |
||